La théorie de la connaissance des stoïciens / (Record no. 106831)

MARC details
000 -LEADER
campo de control de longitud fija 00715nam a2200229 i 4500
001 - NÚMERO DE CONTROL
campo de control 106831
003 - IDENTIFICADOR DE NÚMERO DE CONTROL
campo de control ES-MaACL
005 - FECHA Y HORA DE LA ÚLTIMA TRANSACCIÓN
campo de control 20250828063251.0
007 - CAMPO FIJO DE DESCRIPCIÓN FÍSICA--INFORMACIÓN GENERAL
campo de control de longitud fija t|
008 - DATOS DE LONGITUD FIJA--INFORMACIÓN GENERAL
campo de control de longitud fija 070103s1964 fr ||||1| fre d
080 ## - NÚMERO DE LA CLASIFICACIÓN DECIMAL UNIVERSAL
Número de la Clasificación Decimal Universal 17.036.2
100 1# - ENTRADA PRINCIPAL--NOMBRE DE PERSONA
Nombre de persona Alain,
Fechas asociadas al nombre 1868-1951
9 (RLIN) 19080
245 13 - MENCIÓN DEL TÍTULO
Título La théorie de la connaissance des stoïciens /
Mención de responsabilidad, etc. Alain ; préface par Louis Goubert.
250 ## - MENCION DE EDICION
Mención de edición 1er. ed.
260 ## - PUBLICACIÓN, DISTRIBUCIÓN, ETC.
Lugar de publicación, distribución, etc. Paris :
Nombre del editor, distribuidor, etc. Presses Universitaires de France,
Fecha de publicación, distribución, etc. 1964.
300 ## - DESCRIPCIÓN FÍSICA
Extensión 73 p. :
Otras características físicas retr. autor ;
Dimensiones 19 cm.
500 ## - NOTA GENERAL
Nota general Biblioteca Jacinto Martínez Lacalle.
650 14 - PUNTO DE ACCESO ADICIONAL DE MATERIA--TÉRMINO DE MATERIA
Término de materia o nombre geográfico como elemento de entrada Estoicos.
9 (RLIN) 12556
700 1# - ENTRADA AGREGADA--NOMBRE PERSONAL
Nombre de persona Goubert, Louis.
9 (RLIN) 59310
852 ## - LOCALIZACIÓN
Ubicación ES-MaACL
Número de control de estantería E-11474
Sublocalización o colección R.139558
Holdings
Estatus retirado Estado de pérdida Estado de daño No para préstamo Biblioteca de origen Biblioteca actual Ubicación en estantería Fecha de adquisición Fuente de adquisición Total de préstamos Signatura topográfica completa Código de barras Visto por última vez Precio de reemplazo Tipo de ítem Koha
        Biblioteca del Ateneo de Madrid Biblioteca del Ateneo de Madrid Depósito 2 17/01/2008     E-11474 1111512 23/02/2023 23/02/2023 Libro impreso